Canadian Provinces that Border the U.S - Statistics

General Stats
  • This quiz has been taken 48 times
  • The average score is 7 of 8
Answer Stats
Answer % Correct
Ontario
96%
Quebec
93%
New Brunswick
91%
Manitoba
89%
Alberta
87%
British Columbia
82%
Saskatchewan
80%
Yukon
80%
No matching quizzes found
Score Distribution
Percent of People with Each Score
Percentile by Number Answered
Your Score History
You have not taken this quiz